[Event "CAN-ch"]
[Site "Kingston CAN"]
[Date "2022.04.17"]
[Round "7.4"]
[White "Talukdar, Rohan"]
[Black "Thavandiran, Shiyam"]
[Result "1-0"]
[WhiteElo "2321"]
[BlackElo "2420"]
[PlyCount "109"]
[EventDate "2022.04.13"]
[EventType "swiss"]
[EventRounds "9"]
[EventCountry "CAN"]

1. e4 e6 2. d4 d5 3. Nd2 c5 4. Ngf3 cxd4 5. Nxd4 Nc6 6. Bb5 Bd7 7. Nxc6 bxc6 8.
Bd3 Bd6 9. Qe2 e5 10. O-O Ne7 11. c4 d4 12. c5 Bxc5 13. Qh5 Ng6 14. f4 Qe7 15.
g3 O-O-O 16. Nc4 f6 17. Bd2 exf4 18. gxf4 Bb4 19. Rf3 Bxd2 20. Nxd2 Kb8 21. Qa5
Bg4 22. Rg3 Nxf4 23. Bf1 Be6 24. Rc1 d3 25. Rxc6 Bc8 26. Rc3 Rd4 27. Bxd3 Rhd8
28. Nb3 Rxd3 29. Rcxd3 Rxd3 30. Rxd3 Qxe4 31. Rg3 Qb1+ 32. Kf2 Nd3+ 33. Ke3 Ne5
34. Qb4+ Ka8 35. Qe4+ Qxe4+ 36. Kxe4 g5 37. Nd4 h5 38. Rc3 Kb7 39. Nf5 Be6 40.
Ng7 Bxa2 41. Kf5 Ng4 42. h3 Bb1+ 43. Ke6 Nf2 44. Nxh5 f5 45. Rf3 Nd1 46. Kf6 g4
47. Rb3+ Kc6 48. h4 Kd5 49. Nf4+ Ke4 50. Kg5 Bc2 51. Ra3 Nf2 52. h5 Ke5 53.
Ra5+ Kd6 54. h6 Ne4+ 55. Kg6 1-0

[Event "CAN-ch"]
[Site "Kingston CAN"]
[Date "2022.04.17"]
[Round "7.5"]
[White "Plotkin, Mark"]
[Black "Dukic, Zachary"]
[Result "0-1"]
[WhiteElo "2365"]
[BlackElo "2226"]
[PlyCount "215"]
[EventDate "2022.04.13"]
[EventType "swiss"]
[EventRounds "9"]
[EventCountry "CAN"]

1. g3 d5 2. Bg2 e5 3. d3 Nf6 4. Nf3 Bd6 5. O-O O-O 6. Nbd2 Re8 7. e4 c6 8. Re1
Nbd7 9. a4 a5 10. Nh4 Bf8 11. Qe2 Nc5 12. Nhf3 dxe4 13. Nxe4 Nfxe4 14. dxe4 b6
15. Rd1 Qc7 16. b3 Ba6 17. Qe1 Rad8 18. Bd2 Bc8 19. h4 Bg4 20. Bc3 f6 21. Rxd8
Rxd8 22. Nh2 Be6 23. Nf1 Na6 24. Qe2 Nb4 25. h5 Bc5 26. Be1 Qc8 27. Bf3 Qa6 28.
Rd1 Rxd1 29. Qxd1 Qc8 30. Nh2 Be7 31. Bg4 Na6 32. Bxe6+ Qxe6 33. Ng4 Nc5 34.
Qf3 Nb7 35. Kg2 Kf7 36. Bc3 Kg8 37. Qe2 Bc5 38. f3 h6 39. Bd2 Nd6 40. Qd3 Kh7
41. Ne3 Bd4 42. g4 Qf7 43. Kf1 Qa7 44. Ke2 b5 45. c3 Bc5 46. b4 axb4 47. cxb4
Bd4 48. a5 c5 49. Bc3 c4 50. Qd2 Nf7 51. Nc2 Bg1 52. Kd1 Ng5 53. Qe2 Ne6 54.
Kc1 Nd4 55. Qd1 Nb3+ 56. Kb2 Bd4 57. Qe1 Bf2 58. Qe2 Bd4 59. Qd1 Qd7 60. Kb1
Qe7 61. Qe1 Qd7 62. Bb2 Qa7 63. Qd1 Bxb2 64. Kxb2 Qf2 65. Qe1 Qxf3 66. a6 Nd4
67. Qc3 Qxe4 68. a7 Qg2 69. Kb1 Qh1+ 70. Kb2 Nb3 71. Qe3 Qb7 72. Qf2 Kg8 73.
Qg1 Kf7 74. Qe3 Ke7 75. Qg1 Kd7 76. Qd1+ Kc7 77. Qg1 Qc6 78. Ne3 Kb7 79. Nf5
Qd5 80. Nxg7 Nd4 81. Qf2 c3+ 82. Kxc3 Qc4+ 83. Kd2 Qxb4+ 84. Ke3 Qc3+ 85. Ke4
Qc6+ 86. Ke3 Kxa7 87. g5 fxg5 88. Qf7+ Kb6 89. Ne8 Qc1+ 90. Ke4 Qf4+ 91. Qxf4
gxf4 92. Nf6 Kc5 93. Nd7+ Kc4 94. Nxe5+ Kc3 95. Kxf4 b4 96. Nd7 b3 97. Nc5 Ne6+
98. Nxe6 b2 99. Kf5 b1=Q+ 100. Kf6 Qg1 101. Kf5 Qg3 102. Nf4 Qg5+ 103. Ke4 Kc4
104. Kf3 Qf5 105. Ke3 Kc5 106. Nd3+ Kd5 107. Nf4+ Ke5 108. Nd3+ 0-1

[Event "CAN-ch"]
[Site "Kingston CAN"]
[Date "2022.04.17"]
[Round "7.7"]
[White "Tanaka, Tyler"]
[Black "Nicula, Marius"]
[Result "1-0"]
[WhiteElo "2113"]
[BlackElo "2186"]
[PlyCount "47"]
[EventDate "2022.04.13"]
[EventType "swiss"]
[EventRounds "9"]
[EventCountry "CAN"]

1. e4 e6 2. d4 d5 3. Nd2 Be7 4. c3 dxe4 5. Nxe4 Nd7 6. Nf3 Ngf6 7. Bd3 c5 8.
Nxc5 Nxc5 9. dxc5 Bxc5 10. O-O O-O 11. Ne5 h6 12. Re1 Bd7 13. Qf3 Bc6 14. Nxc6
bxc6 15. Rd1 Qe7 16. Bf4 Nd5 17. Bg3 a5 18. a3 Qb7 19. c4 Nf6 20. Be5 Be7 21.
h4 Nd7 22. Bc3 Rfd8 23. Be4 Nc5 24. Bxc6 1-0

[Event "CAN-ch"]
[Site "Kingston CAN"]
[Date "2022.04.17"]
[Round "7.8"]
[White "Clyde, Jordan"]
[Black "Chiku-Ratte, Olivier-Kenta"]
[Result "0-1"]
[WhiteElo "2088"]
[BlackElo "2364"]
[PlyCount "94"]
[EventDate "2022.04.13"]
[EventType "swiss"]
[EventRounds "9"]
[EventCountry "CAN"]

1. e4 c6 2. d3 d5 3. Nf3 g6 4. Be2 Bg7 5. O-O e5 6. exd5 cxd5 7. d4 e4 8. Ne5
Nc6 9. Bb5 Nge7 10. c3 O-O 11. Nxc6 bxc6 12. Be2 h6 13. f3 exf3 14. Bxf3 Nf5
15. Re1 Qb6 16. Nd2 Nd6 17. Nb3 f5 18. Nc5 Ne4 19. Bxe4 dxe4 20. b4 Qc7 21.
Qb3+ Kh7 22. a4 Qe7 23. b5 Qh4 24. g3 Qh3 25. Ne6 Bxe6 26. Qxe6 c5 27. dxc5
Rae8 28. Qa2 Bxc3 29. Rd1 Rd8 30. Bb2 Bxb2 31. Qxb2 Qg4 32. Rd4 Qf3 33. Qd2 e3
34. Rd7+ Rxd7 35. Qxd7+ Kg8 36. Qe6+ Kg7 37. Qe5+ Rf6 38. Qf4 Qe2 39. c6 g5 40.
Qf1 Qb2 41. Rb1 Qe5 42. Rc1 e2 43. Qf2 f4 44. g4 Rd6 45. Qxa7+ Kg6 46. Re1 Rd1
47. Qf2 Qc3 0-1

[Event "CAN-ch"]
[Site "Kingston CAN"]
[Date "2022.04.17"]
[Round "7.9"]
[White "Noritsyn, Nikolay"]
[Black "Plotkin, Victor"]
[Result "1-0"]
[WhiteElo "2512"]
[BlackElo "2278"]
[PlyCount "87"]
[EventDate "2022.04.13"]
[EventType "swiss"]
[EventRounds "9"]
[EventCountry "CAN"]

1. e4 e5 2. Bc4 Nf6 3. d3 Nc6 4. Nf3 Bc5 5. c3 d6 6. Bg5 h6 7. Bh4 O-O 8. b4
Bb6 9. a4 a5 10. b5 Nb8 11. Nbd2 Be6 12. O-O Nbd7 13. Re1 Re8 14. Bxe6 Rxe6 15.
d4 Qf8 16. Qc2 Nh5 17. Nc4 g5 18. Bg3 Rae8 19. Kf1 Qg7 20. Rad1 Qg6 21. dxe5
Nxe5 22. Nfxe5 dxe5 23. Rd7 R6e7 24. Rxe7 Nxg3+ 25. hxg3 Rxe7 26. Qd1 Qe6 27.
Qd5 Qxd5 28. exd5 f6 29. g4 Kf7 30. Ke2 Re8 31. Rd1 Ke7 32. f3 Kd7 33. Kd3 Rh8
34. Rh1 Ke7 35. Ke4 Kf7 36. Kf5 Bc5 37. Nxa5 Ra8 38. Nxb7 Rxa4 39. g3 Be7 40.
Rxh6 Kg7 41. Rg6+ Kf7 42. b6 cxb6 43. d6 e4 44. dxe7 1-0

[Event "CAN-ch"]
[Site "Kingston CAN"]
[Date "2022.04.17"]
[Round "7.10"]
[White "Derraugh, Geordie"]
[Black "Zheng, Richard"]
[Result "1-0"]
[WhiteElo "2202"]
[BlackElo "2036"]
[PlyCount "105"]
[EventDate "2022.04.13"]
[EventType "swiss"]
[EventRounds "9"]
[EventCountry "CAN"]

1. e4 c6 2. d4 d5 3. e5 c5 4. dxc5 e6 5. Nf3 Bxc5 6. a3 Nc6 7. b4 Bb6 8. Bb2 f6
9. Nbd2 fxe5 10. Nxe5 Nxe5 11. Bxe5 Nf6 12. Bd3 O-O 13. O-O Bd7 14. Bd6 Re8 15.
Nf3 Bc7 16. Be5 Bxe5 17. Nxe5 Rf8 18. Qe2 Be8 19. Nf3 Qd6 20. Rfe1 Bf7 21. c4
Rae8 22. c5 Qd8 23. Ne5 Qe7 24. Qc2 Rc8 25. Re3 g6 26. Rae1 Nh5 27. Qb2 Qg5 28.
Qd4 Qf4 29. Qxf4 Nxf4 30. Nxf7 Rxf7 31. Bf1 Rcf8 32. g3 Nh5 33. f4 Ng7 34. Bh3
g5 35. fxg5 Rf2 36. Bxe6+ Nxe6 37. Rxe6 Ra2 38. Re7 d4 39. Rxb7 d3 40. Rd7 Re2
41. Re7 Rc2 42. Rd1 Rd8 43. Re3 Rc3 44. a4 a6 45. c6 Rd4 46. b5 Kf7 47. Rdxd3
Rdxd3 48. Rxd3 Rxd3 49. c7 Rd1+ 50. Kg2 axb5 51. axb5 Rd2+ 52. Kh3 Rc2 53. b6
1-0

[Event "CAN-ch"]
[Site "Kingston CAN"]
[Date "2022.04.17"]
[Round "7.11"]
[White "Jiang, Brian"]
[Black "Barron, Michael"]
[Result "1/2-1/2"]
[WhiteElo "1886"]
[BlackElo "2108"]
[PlyCount "112"]
[EventDate "2022.04.13"]
[EventType "swiss"]
[EventRounds "9"]
[EventCountry "CAN"]

1. d4 f5 2. g3 Nf6 3. Bg2 g6 4. Nf3 Bg7 5. O-O O-O 6. b4 Ne4 7. c4 d6 8. Bb2 c5
9. bxc5 dxc5 10. Nbd2 Nc6 11. e3 Nd6 12. Qc2 Qc7 13. dxc5 Nf7 14. Bxg7 Kxg7 15.
Nd4 Nfd8 16. N2b3 e5 17. Nb5 Qe7 18. Nc3 e4 19. Rad1 Ne5 20. Nd5 Qf7 21. Qc3
Ndc6 22. Nd4 Kg8 23. Nxc6 Nxc6 24. f3 exf3 25. Bxf3 Qg7 26. Qxg7+ Kxg7 27. Nc7
Rb8 28. Bxc6 bxc6 29. Rb1 Bd7 30. Rfd1 Rxb1 31. Rxb1 Kf6 32. Kf2 Be6 33. Nxe6
Kxe6 34. Rb7 Rf7 35. Rb8 Kd7 36. h4 Re7 37. Rh8 Ke6 38. Kf3 Rb7 39. Rd8 Rb4 40.
Rd6+ Ke5 41. Rxc6 Rxc4 42. Ra6 Rxc5 43. Rxa7 Rc2 44. a4 Ra2 45. g4 h6 46. g5
hxg5 47. hxg5 Ra3 48. Ra6 Ra1 49. a5 Rf1+ 50. Ke2 Ra1 51. Kf2 f4 52. Rxg6 fxe3+
53. Kxe3 Ra3+ 54. Kf2 Rxa5 55. Rb6 Kf5 56. g6 Ra7 1/2-1/2

[Event "CAN-ch"]
[Site "Kingston CAN"]
[Date "2022.04.17"]
[Round "7.12"]
[White "Abrahams, Daniel"]
[Black "Tremblay, Rejean"]
[Result "1-0"]
[WhiteElo "2163"]
[BlackElo "2167"]
[PlyCount "67"]
[EventDate "2022.04.13"]
[EventType "swiss"]
[EventRounds "9"]
[EventCountry "CAN"]

1. Nf3 g6 2. g3 Bg7 3. Bg2 Nf6 4. c4 O-O 5. Nc3 d6 6. O-O Nc6 7. Rb1 a5 8. a3
e5 9. b4 axb4 10. axb4 Nh5 11. b5 Ne7 12. d4 exd4 13. Nxd4 Nf5 14. Nxf5 Bxf5
15. e4 Be6 16. Nd5 Re8 17. Bb2 Bxb2 18. Rxb2 Nf6 19. Qd4 Bxd5 20. cxd5 Nd7 21.
Re2 Ra5 22. f4 f6 23. Qc4 b6 24. Bh3 Nc5 25. e5 fxe5 26. fxe5 Ra4 27. Qc3 dxe5
28. Rxe5 Rf8 29. Qe3 Rxf1+ 30. Bxf1 Ra8 31. d6 Qxd6 32. Bc4+ Kh8 33. Qc3 Ra3
34. Re8# 1-0

[Event "CAN-ch"]
[Site "Kingston CAN"]
[Date "2022.04.17"]
[Round "7.13"]
[White "MacKinnon, Keith"]
[Black "Han, Johnathan"]
[Result "1/2-1/2"]
[WhiteElo "2198"]
[BlackElo "2009"]
[PlyCount "76"]
[EventDate "2022.04.13"]
[EventType "swiss"]
[EventRounds "9"]
[EventCountry "CAN"]

1. c4 Nf6 2. Nf3 e6 3. Nc3 d5 4. e3 Be7 5. b3 O-O 6. Bb2 b6 7. Be2 Bb7 8. Rc1
c5 9. cxd5 exd5 10. d4 Nbd7 11. O-O a6 12. Ne5 cxd4 13. exd4 Bd6 14. Nxd7 Qxd7
15. Bd3 b5 16. Qf3 Qg4 17. Qxg4 Nxg4 18. g3 Nf6 19. Rfe1 Rfe8 20. f3 h5 21. Kf2
g6 22. Rxe8+ Rxe8 23. Re1 Rxe1 24. Kxe1 h4 25. Kf2 hxg3+ 26. hxg3 Kf8 27. Bc1
Nd7 28. Bg5 f6 29. Be3 Kf7 30. Ne2 Nf8 31. Bf4 Bxf4 32. Nxf4 g5 33. Ne2 Ke6 34.
f4 Bc8 35. Ke3 b4 36. fxg5 fxg5 37. Bc2 Kd6 38. Ng1 Bg4 1/2-1/2

[Event "CAN-ch"]
[Site "Kingston CAN"]
[Date "2022.04.17"]
[Round "8.1"]
[White "Panjwani, Raja"]
[Black "Rodrigue-Lemieux, Shawn"]
[Result "1/2-1/2"]
[WhiteElo "2448"]
[BlackElo "2342"]
[PlyCount "71"]
[EventDate "2022.04.13"]
[EventType "swiss"]
[EventRounds "9"]
[EventCountry "CAN"]

1. d4 Nf6 2. c4 e6 3. Nc3 Bb4 4. e3 O-O 5. Bd3 d5 6. Nf3 c5 7. O-O cxd4 8. exd4
dxc4 9. Bxc4 b6 10. Qe2 Bb7 11. Rd1 Nc6 12. Bg5 Ne7 13. Ne5 Bxc3 14. bxc3 Ne4
15. Bh4 Nxc3 16. Qg4 Qd6 17. Rd3 Ne4 18. f3 f5 19. Qf4 Nd5 20. Bxd5 Bxd5 21.
Rc1 Nf6 22. Rdc3 b5 23. Bxf6 Rxf6 24. Rc7 Bc4 25. Rd7 Qf8 26. Nxc4 bxc4 27.
Rxc4 Rf7 28. Rcc7 Rxd7 29. Rxd7 Qf6 30. Qc7 a5 31. a4 h6 32. f4 Qf8 33. Re7 Qf6
34. Qd6 Rc8 35. h3 Rc4 36. Qxe6+ 1/2-1/2

[Event "CAN-ch"]
[Site "Kingston CAN"]
[Date "2022.04.17"]
[Round "8.2"]
[White "Rusonik, Max"]
[Black "Zhang, Yuanchen"]
[Result "0-1"]
[WhiteElo "2115"]
[BlackElo "2330"]
[PlyCount "68"]
[EventDate "2022.04.13"]
[EventType "swiss"]
[EventRounds "9"]
[EventCountry "CAN"]

1. e4 e5 2. Nf3 Nc6 3. Bb5 a6 4. Ba4 Nf6 5. O-O b5 6. Bb3 Bb7 7. Re1 Bc5 8. c3
d6 9. a4 O-O 10. d4 Bb6 11. Bg5 h6 12. Bh4 g5 13. Nxg5 hxg5 14. Bxg5 exd4 15.
Qf3 Kg7 16. e5 Nxe5 17. Qxb7 Ra7 18. Bxf6+ Qxf6 19. Qe4 dxc3 20. Nxc3 Bxf2+ 21.
Kh1 Bxe1 22. Rxe1 c6 23. Ne2 Qg6 24. Qe3 Re7 25. Nf4 Qh6 26. h3 Ng6 27. Qd4+
Re5 28. Rf1 Nxf4 29. Rxf4 f5 30. Qa7+ Kh8 31. Qf2 Re4 32. Rxf5 Rxf5 33. Qxf5
Qc1+ 34. Kh2 Qf4+ 0-1

[Event "CAN-ch"]
[Site "Kingston CAN"]
[Date "2022.04.17"]
[Round "8.3"]
[White "Dukic, Zachary"]
[Black "Sambuev, Bator"]
[Result "1-0"]
[WhiteElo "2226"]
[BlackElo "2502"]
[PlyCount "85"]
[EventDate "2022.04.13"]
[EventType "swiss"]
[EventRounds "9"]
[EventCountry "CAN"]

1. e4 e6 2. d4 d5 3. Nc3 Bb4 4. e5 b6 5. h4 Qd7 6. h5 h6 7. Qg4 Bf8 8. b4 Ne7
9. b5 a6 10. Nf3 axb5 11. Nxb5 Ba6 12. a4 Nf5 13. Rb1 Nc6 14. Qf4 Na5 15. g4
Ne7 16. Rh3 g5 17. Qf6 Rh7 18. Nxg5 hxg5 19. Bxg5 Ng8 20. Qf4 Be7 21. Bd3 Rh8
22. h6 Bxb5 23. Bxb5 c6 24. Bd3 Qd8 25. Bxe7 Nxe7 26. Qf6 Rf8 27. h7 Kd7 28.
Qg7 c5 29. c3 cxd4 30. cxd4 Nc4 31. Rf3 Qe8 32. Bxc4 dxc4 33. Rxb6 Kc7 34. Rb5
Ng6 35. Rc5+ Kd7 36. Rxc4 Ra7 37. Rfc3 Qa8 38. Rc6 Nh8 39. d5 exd5 40. e6+ Ke7
41. Qg5+ f6 42. Qg7+ Nf7 43. exf7 1-0

[Event "CAN-ch"]
[Site "Kingston CAN"]
[Date "2022.04.17"]
[Round "8.4"]
[White "Dorrance, Adam"]
[Black "Talukdar, Rohan"]
[Result "1/2-1/2"]
[WhiteElo "2260"]
[BlackElo "2321"]
[PlyCount "73"]
[EventDate "2022.04.13"]
[EventType "swiss"]
[EventRounds "9"]
[EventCountry "CAN"]

1. d4 Nf6 2. c4 g6 3. Nc3 d5 4. cxd5 Nxd5 5. e4 Nxc3 6. bxc3 Bg7 7. Bc4 c5 8.
Ne2 Nc6 9. Be3 O-O 10. Rc1 Qa5 11. O-O b6 12. Qb3 Ba6 13. f4 e6 14. a4 Rac8 15.
Bb5 cxd4 16. Nxd4 Bxd4 17. cxd4 Qb4 18. Qd3 Bxb5 19. axb5 Ne7 20. Bd2 Qd6 21.
Rb1 Qd7 22. Bb4 Rc7 23. d5 exd5 24. exd5 Re8 25. Rfe1 Rcc8 26. Re5 f6 27. Rxe7
Rxe7 28. Bxe7 Qxe7 29. d6 Qe6 30. Rd1 Rd8 31. h3 Rd7 32. Kh2 Kh8 33. Rd2 Kg8
34. Qd4 Kh8 35. Qb4 Kg8 36. Qd4 Kh8 37. Qb4 1/2-1/2

[Event "CAN-ch"]
[Site "Kingston CAN"]
[Date "2022.04.17"]
[Round "8.5"]
[White "Thavandiran, Shiyam"]
[Black "Tanaka, Tyler"]
[Result "0-1"]
[WhiteElo "2420"]
[BlackElo "2113"]
[PlyCount "84"]
[EventDate "2022.04.13"]
[EventType "swiss"]
[EventRounds "9"]
[EventCountry "CAN"]

1. e4 c6 2. d4 d5 3. e5 Bf5 4. c4 e6 5. Nc3 Nd7 6. h3 Ne7 7. Nf3 a6 8. a3 dxc4
9. Bxc4 Nd5 10. Bg5 Be7 11. Bxe7 Qxe7 12. O-O O-O 13. Ne2 b5 14. Ba2 N7b6 15.
Ng3 Bg6 16. Bb1 Na4 17. Bxg6 fxg6 18. Qd2 c5 19. dxc5 Nxc5 20. Nd4 Nf4 21. Nge2
Ncd3 22. Nxf4 Nxf4 23. Ne2 Rad8 24. Qe3 g5 25. Rfd1 Nd5 26. Qg3 h6 27. Rac1 Qf7
28. f3 Ne3 29. Rxd8 Rxd8 30. Nc3 Nc4 31. Ne4 Qa7+ 32. Kh2 Qd4 33. b3 Nxe5 34.
Rc7 Ng6 35. Rc6 Nf4 36. Rxa6 Ne2 37. Qe1 Qb2 38. Qf2 Qe5+ 39. Ng3 Rd2 40. a4 h5
41. f4 gxf4 42. Nxe2 Rxe2 0-1

[Event "CAN-ch"]
[Site "Kingston CAN"]
[Date "2022.04.17"]
[Round "8.7"]
[White "Chiku-Ratte, Olivier-Kenta"]
[Black "Noritsyn, Nikolay"]
[Result "1-0"]
[WhiteElo "2364"]
[BlackElo "2512"]
[PlyCount "77"]
[EventDate "2022.04.13"]
[EventType "swiss"]
[EventRounds "9"]
[EventCountry "CAN"]

1. d4 e6 2. c4 f5 3. g3 Nf6 4. Bg2 d5 5. Nf3 Bd6 6. O-O O-O 7. b3 Ne4 8. Bb2 b6
9. Nc3 Bb7 10. Rc1 Na6 11. e3 c6 12. Ne2 Qe7 13. Ne1 Rad8 14. f3 Nf6 15. Nd3 c5
16. Qc2 Rc8 17. Qb1 Rc7 18. Rc2 dxc4 19. bxc4 Rfc8 20. Rfc1 Nd7 21. Nc3 cxd4
22. Nb5 dxe3 23. Nxc7 Rxc7 24. Bd4 Nac5 25. Re2 Nxd3 26. Qxd3 f4 27. gxf4 Bxf4
28. Bxe3 Nc5 29. Qa3 Bd6 30. f4 Qh4 31. Qxa7 Qg4 32. Rec2 Rd7 33. Qxb6 Bxf4 34.
Qxc5 Rd1+ 35. Rxd1 Qxd1+ 36. Bf1 Bxe3+ 37. Qxe3 Qxc2 38. Qxe6+ Kf8 39. Qd6+ 1-0

[Event "CAN-ch"]
[Site "Kingston CAN"]
[Date "2022.04.17"]
[Round "8.8"]
[White "Derraugh, Geordie"]
[Black "Plotkin, Mark"]
[Result "1/2-1/2"]
[WhiteElo "2202"]
[BlackElo "2365"]
[PlyCount "173"]
[EventDate "2022.04.13"]
[EventType "swiss"]
[EventRounds "9"]
[EventCountry "CAN"]

1. e4 g6 2. d4 Bg7 3. Nc3 d6 4. Be3 Nf6 5. h3 a6 6. f4 c5 7. dxc5 Qa5 8. Bd3
dxc5 9. Bd2 Nc6 10. Nf3 O-O 11. e5 Nd7 12. a3 Qc7 13. O-O b5 14. Nd5 Qd8 15.
Be4 Bb7 16. c4 Nb6 17. Nxb6 Qxb6 18. Qc2 Rac8 19. Rac1 Rfd8 20. cxb5 c4+ 21.
Kh1 axb5 22. Rce1 e6 23. Be3 Qa6 24. Qf2 Ne7 25. Bc5 Nd5 26. Bxd5 Rxd5 27. Bb4
Rcd8 28. Qh4 h6 29. Rf2 Rd3 30. Nd2 Qa8 31. Kh2 R8d4 32. Bc3 g5 33. Qg4 Rxf4
34. Rxf4 gxf4 35. Qxf4 Bxg2 36. Ne4 Bxh3 37. Re3 Rxe3 38. Qxe3 Bf5 39. Nd6 Qd5
40. Ne8 Qd1 41. Nxg7 Kxg7 42. Qg1+ Qxg1+ 43. Kxg1 Kg6 44. Kf2 Be4 45. Kg3 Kf5
46. Kh4 Bf3 47. Bd4 Ke4 48. Bc3 Bd1 49. Kg3 Bh5 50. Kh4 Bg6 51. Kg4 Ke3 52. Bb4
Kd3 53. Kf4 Bh5 54. Bc3 Bd1 55. Bb4 h5 56. Kg5 Ke4 57. Bc3 Bg4 58. Kh4 Kf4 59.
Bd4 Bf3 60. Bc3 Kf5 61. Bd4 Kg6 62. Kg3 Be2 63. Kh4 Kf5 64. Bc3 Ke4 65. Kg5 Bd1
66. Kh4 Kf5 67. Bd4 Be2 68. Bc3 Kg6 69. Bd4 Bd3 70. Kg3 Kg5 71. Be3+ Kf5 72.
Bd4 Be4 73. Kh4 Kg6 74. Kg3 Kg5 75. Be3+ Kf5 76. Bd4 Bc6 77. Kh4 f6 78. Kxh5
fxe5 79. Bb6 Kf4 80. Bc7 Bf3+ 81. Kh4 Bg4 82. Bb8 Bf5 83. Bc7 Kf3 84. Bxe5 Ke4
85. Bc3 Kf4 86. Bd2+ Kf3 87. Bc3 1/2-1/2

[Event "CAN-ch"]
[Site "Kingston CAN"]
[Date "2022.04.17"]
[Round "8.9"]
[White "Barron, Michael"]
[Black "Clyde, Jordan"]
[Result "0-1"]
[WhiteElo "2108"]
[BlackElo "2088"]
[PlyCount "116"]
[EventDate "2022.04.13"]
[EventType "swiss"]
[EventRounds "9"]
[EventCountry "CAN"]

1. e4 d6 2. d4 g6 3. Nc3 Bg7 4. f4 c6 5. Nf3 d5 6. e5 h5 7. Bd3 Nh6 8. Be3 Bf5
9. Bf2 Ng4 10. Bh4 Ne3 11. Qe2 Bxd3 12. cxd3 Nf5 13. Bf2 e6 14. O-O-O Bf8 15.
Kb1 Nd7 16. g3 a5 17. Qc2 Ra6 18. h3 Be7 19. g4 Ng7 20. Ne2 Rb6 21. Ka1 Nb8 22.
Ng3 h4 23. Nf1 Na6 24. a3 a4 25. Qxa4 Nc7 26. Be1 Nb5 27. Bb4 Bxb4 28. Qxb4
Nxa3 29. Qxa3 Ra6 30. Qxa6 bxa6 31. Rh2 Qa5+ 32. Kb1 Kd7 33. Rc2 Rb8 34. Rdc1
Qb4 35. Ne3 Qb3 36. Ne1 Rb4 37. Nd1 Rxd4 38. Rxc6 Ne8 39. Rxa6 Qb7 40. Ra3 Rxf4
41. Nc3 Nc7 42. Na4 Na6 43. Nc2 Ke7 44. d4 Rf2 45. Ne1 Qb4 46. Nc2 Qb5 47. Nc3
Qb7 48. b4 Rf3 49. Rb3 Kf8 50. b5 Rxh3 51. Kb2 Nb8 52. g5 Nd7 53. Rb4 Nb6 54.
Na3 Rg3 55. Na4 Qa7 56. Nc3 h3 57. Kb3 h2 58. Rh1 Rxc3+ 0-1

[Event "CAN-ch"]
[Site "Kingston CAN"]
[Date "2022.04.17"]
[Round "8.10"]
[White "Jiang, Brian"]
[Black "Abrahams, Daniel"]
[Result "1/2-1/2"]
[WhiteElo "1886"]
[BlackElo "2163"]
[PlyCount "66"]
[EventDate "2022.04.13"]
[EventType "swiss"]
[EventRounds "9"]
[EventCountry "CAN"]

1. d4 Nf6 2. c4 e6 3. g3 Bb4+ 4. Nd2 O-O 5. Bg2 c5 6. a3 Bxd2+ 7. Qxd2 cxd4 8.
Nf3 d5 9. Qxd4 Nc6 10. Qh4 dxc4 11. Qxc4 Bd7 12. Bd2 Rc8 13. Qh4 Nd5 14. Qxd8
Rfxd8 15. Rc1 f6 16. O-O Nce7 17. Rfd1 Ba4 18. Re1 Kf7 19. e4 Nb6 20. e5 Bc6
21. Ba5 Rd3 22. Rc3 Rcd8 23. exf6 gxf6 24. Nh4 Rxc3 25. Bxc3 Bxg2 26. Nxg2 Na4
27. Ne3 Nxc3 28. bxc3 Rd3 29. Rc1 Nd5 30. Nxd5 Rxd5 31. c4 Ra5 32. c5 Rxa3 33.
Rb1 b6 1/2-1/2

[Event "CAN-ch"]
[Site "Kingston CAN"]
[Date "2022.04.17"]
[Round "8.11"]
[White "Han, Johnathan"]
[Black "Plotkin, Victor"]
[Result "0-1"]
[WhiteElo "2009"]
[BlackElo "2278"]
[PlyCount "100"]
[EventDate "2022.04.13"]
[EventType "swiss"]
[EventRounds "9"]
[EventCountry "CAN"]

1. e4 e5 2. Nf3 Nf6 3. Nxe5 d6 4. Nf3 Nxe4 5. Nc3 Nxc3 6. dxc3 Be7 7. Be3 Nc6
8. Qd2 Be6 9. O-O-O Qd7 10. Kb1 a6 11. Be2 Bf6 12. Bg5 Bxg5 13. Nxg5 O-O-O 14.
Nxe6 fxe6 15. Rhe1 Rde8 16. Bf3 Kb8 17. g3 Rhf8 18. Bg2 e5 19. b3 Rf6 20. Re2
Ref8 21. Rf1 h6 22. h4 Qe8 23. Rfe1 Qd7 24. Kb2 Ka7 25. Rf1 Kb8 26. a4 Ka7 27.
Rfe1 Kb8 28. Rf1 Ka7 29. Rfe1 Qf5 30. Bxc6 bxc6 31. c4 c5 32. Qa5 Qc8 33. Qd2
Rf3 34. c3 Qf5 35. b4 Rxf2 36. bxc5 Rxe2 37. Qxe2 Qf2 38. cxd6 cxd6 39. Qxf2+
Rxf2+ 40. Kb3 Kb6 41. Rd1 Kc6 42. Rd5 e4 43. Ra5 Rd2 44. Rxa6+ Kb7 45. Ra5 e3
46. Rb5+ Kc7 47. Ra5 e2 48. Ra7+ Kd8 49. Ra8+ Ke7 50. Ra7+ Kf6 0-1

[Event "CAN-ch"]
[Site "Kingston CAN"]
[Date "2022.04.17"]
[Round "8.12"]
[White "Zheng, Richard"]
[Black "MacKinnon, Keith"]
[Result "0-1"]
[WhiteElo "2036"]
[BlackElo "2198"]
[PlyCount "80"]
[EventDate "2022.04.13"]
[EventType "swiss"]
[EventRounds "9"]
[EventCountry "CAN"]

1. d4 Nf6 2. c4 e6 3. Nc3 Bb4 4. Qc2 O-O 5. a3 Bxc3+ 6. Qxc3 Qe8 7. f3 d6 8. e4
e5 9. Be3 b6 10. O-O-O a5 11. g4 a4 12. Ne2 Nc6 13. d5 Na5 14. Ng3 Nd7 15. Nh5
Kh8 16. f4 Nc5 17. f5 Nxe4 18. Qc2 Nc5 19. f6 g6 20. Ng7 Qd8 21. g5 Rg8 22. Kb1
Bg4 23. Be2 Qd7 24. Bxc5 bxc5 25. h3 Bf5 26. Bd3 Bxd3 27. Rxd3 Nb3 28. h4 Nd4
29. Qh2 h5 30. gxh6 Qg4 31. h5 Qe4 32. Rhd1 g5 33. Ka2 Rab8 34. h7 Qxh7 35. Qg2
Rb3 36. Rg3 Rxg3 37. Qxg3 Qc2 38. Rxd4 Qb3+ 39. Qxb3 axb3+ 40. Kxb3 exd4 0-1

[Event "CAN-ch"]
[Site "Kingston CAN"]
[Date "2022.04.18"]
[Round "9.1"]
[White "Rodrigue-Lemieux, Shawn"]
[Black "Dukic, Zachary"]
[Result "1/2-1/2"]
[WhiteElo "2342"]
[BlackElo "2226"]
[PlyCount "44"]
[EventDate "2022.04.13"]
[EventType "swiss"]
[EventRounds "9"]
[EventCountry "CAN"]

1. c4 Nf6 2. Nc3 g6 3. Nf3 Bg7 4. d4 O-O 5. e4 d6 6. Be2 e5 7. dxe5 dxe5 8.
Qxd8 Rxd8 9. Bg5 Re8 10. Nd5 Nxd5 11. cxd5 c6 12. Bc4 cxd5 13. Bxd5 Nd7 14. Nd2
Nc5 15. O-O Be6 16. Bxe6 Nxe6 17. Be3 b6 18. Rfd1 Rac8 19. Rac1 Red8 20. Nb3
Rxd1+ 21. Rxd1 Rc2 22. Rd2 Rxd2 1/2-1/2

[Event "CAN-ch"]
[Site "Kingston CAN"]
[Date "2022.04.18"]
[Round "9.2"]
[White "Tanaka, Tyler"]
[Black "Zhang, Yuanchen"]
[Result "0-1"]
[WhiteElo "2113"]
[BlackElo "2330"]
[PlyCount "152"]
[EventDate "2022.04.13"]
[EventType "swiss"]
[EventRounds "9"]
[EventCountry "CAN"]

1. c4 Nf6 2. Nc3 c5 3. Nf3 d5 4. cxd5 Nxd5 5. d4 e6 6. e4 Nxc3 7. bxc3 cxd4 8.
cxd4 Bb4+ 9. Bd2 Bxd2+ 10. Qxd2 O-O 11. Bc4 b6 12. O-O Bb7 13. Rfe1 Nd7 14. a4
Rc8 15. Bd3 a5 16. Rab1 h6 17. Qf4 Rc3 18. Bb5 Nf6 19. Rbd1 Qc7 20. Qh4 Rd8 21.
d5 exd5 22. e5 Nd7 23. e6 fxe6 24. Rxe6 Nf6 25. Ree1 Rc8 26. Nd4 Ne4 27. f3 Ng5
28. Kh1 Qf7 29. Qg4 Rf8 30. Bd7 Bc8 31. Bxc8 Rcxc8 32. h4 Nh7 33. Re6 Nf6 34.
Qf5 Rc4 35. Qe5 Re8 36. Rb1 Rxe6 37. Nxe6 Rxh4+ 38. Kg1 Rxa4 39. Rxb6 Rb4 40.
Qb8+ Qe8 41. Qa7 Nd7 42. Rd6 Rb1+ 43. Kf2 Rb2+ 44. Kg1 Rb1+ 45. Kf2 Rb2+ 46.
Kg1 Qh5 47. Qd4 Qe5 48. Qxe5 Nxe5 49. Rxd5 Nc4 50. Rd7 g5 51. Nc5 Ne3 52. Ne4
Kf8 53. g4 Nc4 54. Ra7 Ke8 55. Nf6+ Kd8 56. Ng8 Rc2 57. Kf1 Rd2 58. Nxh6 Kc8
59. Ke1 Rh2 60. Nf7 Kb8 61. Re7 a4 62. Re4 Nb2 63. Re3 Kb7 64. Nxg5 Kb6 65. Ne6
Nc4 66. Re4 Kb5 67. Nc7+ Kb4 68. Nd5+ Kb3 69. Ne3 Nb2 70. Re8 Nd3+ 71. Kf1 a3
72. Rb8+ Nb4 73. Kg1 Re2 74. Nd5 a2 75. Rxb4+ Ka3 76. Kf1 Rc2 0-1